000
00293nam a2200121Ia 4500
008
191201s2011 xx 000 0 und d
100
_a
LEVINE, David M
245
0
_a
Business Statistics a First Course
260
_a
N. Delhi
_b
Pearson
_c
2011
300
_a
665
650
_a
BBA
942
_2
ddc
_c
BK
999
_c
6452
_d
6452